Quizzes
Events
Quiz Creation
Community
Videos
Private Events
Remove Ads
Sign In
Join for FREE
Feedback
Dark Mode
Quiz Categories
Sports
Geography
Music
Movies
Television
Just For Fun
Miscellaneous
History
Literature
Language
Science
Gaming
Entertainment
Religion
Holiday
For Kids
Quiz Lab
Recent
Popular Today
Quiz Kudos Today
Editor Picks
Curator Picks
Quizzes by...
Day
Popularity
Type
Ratings
Length
Year
Community
Subscriptions
Recent Discussions
Orange Saloon
Badges
Playlists
Quests
Create
Leaderboards
Showdown
Live 5
Trivia Bingo
Activity
Puzzle Library
Sporcle Events
Private Events
Virtual Trivia
Globe League
Become a Host
Pub Owners
SporcleCon
Opinionation
Our Games
Videos
Blog
Mobile Apps
Partnerships
Remove Ads and Go Orange
Feedback
Sports
Athletes
MLB
NBA
NHL
NFL
Soccer
Sports Teams
WWE
NCAA
Football
Premier League
Basketball
Baseball
Hockey
Golf
Tennis
Cricket
Rugby
Auto Racing
Olympics
World Cup
Sports
Athletes
MLB
NBA
NHL
NFL
Soccer
Sports Teams
WWE
NCAA
Football
Premier League
Basketball
Baseball
Hockey
Golf
Tennis
Cricket
Rugby
Auto Racing
Olympics
World Cup
Random Quiz
Search Sporcle
×
Quiz Lab
Quiz Lab
Sports
Heerenveen
Type in answers that appear in a list
Type in answers that appear in a list
Classic
Best Score? Go Orange.
Clubtopscorers Heerenveen vanaf 1990 Stats
Clubtopscorers Heerenveen vanaf 1990
By
FrisianPride
5m
31 Questions
49 Plays
49 Plays
49 Plays
Comments
Comments
Give Quiz Kudos
Give Quiz Kudos
-
- Ratings
hide this ad
Replay
Link that replays current quiz
Next Quiz
Link to next quiz in quiz playlist
You Got
0%
They Got
Avg Score
53%
Avg Friend Score
Upgrade to see
Score Distribution
Jump to the score distribution portion of the page
Score
0/31
Timer
05:00
0
Plays Today
Jaar
Speler
% Correct
2006/
2007
Afonso Alves
95.9%
2004/
2005
Klaas Jan Huntelaar
93.9%
2005/
2006
Klaas Jan Huntelaar
93.9%
2010/
2011
Bas Dost
91.8%
2011/
2012
Bas Dost
91.8%
2012/
2013
Alfred Finnbogason
87.8%
2013/
2014
Alfred Finnbogason
87.8%
2014/
2015
Mark Uth
83.7%
2018/
2019
Sam Lammers en Michel Vlap
81.8%
2001/
2002
Marcus Allback
73.5%
2003/
2004
Gerald Sibon
71.4%
2009/
2010
Gerald Sibon
71.4%
1997/
1998
Ruud van Nistelrooy
69.4%
2016/
2017
Reza Ghoochannejhad
63.6%
2017/
2018
Reza Ghoochannejhad
63.6%
2008/
2009
Danijel Pranjic
63.3%
Jaar
Speler
% Correct
1999/
2000
Anthony Lurling
53.1%
2000/
2001
Anthony Lurling
53.1%
1995/
1996
John Dahl Tomasson
49%
1996/
1997
John Dahl Tomasson
49%
2015/
2016
Mitchell te Vrede
45.5%
1990/
1991
Maarten de Jong
44.9%
2007/
2008
Michael Bradley
44.9%
1992/
1993
Erik Tammer
36.7%
1993/
1994
Erik Tammer
36.7%
1994/
1995
Erik Regtop
36.7%
2019/
2020
Chidera Ejuke
36.4%
2002/
2003
Romano Denneboom
34.7%
1991/
1992
Rodion Camataru
32.7%
1998/
1999
Radoslav Samardzic
18.4%
1991/
1992
Marco Roelofsen
16.3%
Quiz Playlist
Details
Report
Send in Message
Add To Playlist
Classic:
Type in answers that appear in a list
Last Updated: Feb 16, 2017
Quiz Scoreboard
CHALLENGE
Sign Up to Join the Scoreboard
Show All
Scores
Hide
Comments
May contain spoilers
Recently Published
College Basketball Coaching Resumes
by pancakes188
Sports
9m
Billboard Blitz: Fleetwood Mac
by CooCooCachoo
Music
15s
Presidents Visiting Landmarks
by Hejman
History
7m
More to Explore
Quiz From the Vault
Featured Blog Post
Where Did the Easter Bunny Come From?
hide this ad
You Might Also Like...
Tags
Heerenveen
Top Scorers
Today's Top Quizzes in Sports
Browse Sports
hide this ad
Top Contributed Quizzes in Sports
1
2022 World Cup Stars
2
Les meilleurs buteurs des matchs entre le PSG et l’OM
3
FIFA Club World Cup Champions
4
Les entraîneurs de l'OM et du PSG au 21e siècle
5
Criteria MLB: Left Handed Sluggers
6
AFC Teams Reveal (Wrong Answers Minefield)
7
5-to-1: UK Sports Teams
8
5-to-1: FBS Animal Nicknames
9
2023 MLB Unique Player Accomplishments
10
Name the Premier League winners with different clubs
Explore More
Trending Topics
NBA
Kpop
Harry Potter
Crossword
Anime
Marvel
Disney
Song
Pokémon
Soccer
Puzzle
The Office
WWE
NFL
Country
hide this ad
More By:
FrisianPride
Quiz
Plays
Rating
Category
Featured
Created
Clubtopscorers Heerenveen vanaf 1990
49
Sports
Jun 1, 2015
sc Heerenveen 2015
5
Sports
Jun 1, 2015
Go to Creator's Profile
Score Distribution
Quiz Creator Spotlight
FrisianPride
Follow
Send a Message
Quizzes Created
-
Created Quiz Play Count
-
More By This Creator
Popular Quizzes Today
1
Find the US States - No Outlines Minefield
2
Find the Countries of Europe - No Outlines Minefield
3
The Countries of the World
4
Find the US States
5
Risky Map Clicking: Biggest States A-Z
6
US States
7
Popular People in 1961
8
Movies - When Are They Set?
More Sports Quizzes
July Sporting Teams
Curator's Pick
Trending Quizzes
Risky Map Clicking: Least Populous States A-Z
1-10 Letter G Words
1-10 Letter F Words
Risky Map Clicking: Next State Alphabetically
Risky Map Clicking: Biggest States A-Z
Recently Updated
Leaping Animals
pecheneg
Reality TV Shows (A-Z)
bhenderson79
Rickey Henderson's Hall of Fame Teammates
pecheneg
Champions League XIs: Arsenal
pecheneg
Quick Pick: Celebrities in WWE's Hall of Fame
aduchscher
A-Z Keypad Blitz II
pecheneg
Multiple Oscar Actors
pecheneg
Mystery Phrase Blitz: Oscar 'Best Actors'
pecheneg
F. Scott Fitzgerald Novels
LTH
Pick 3 Villains
ddd62291
Trending Topics
Anime
Crossword
Disney
Harry Potter
Marvel
NBA
Kpop
Pokémon
WWE
The Office
NFL
Puzzle
Country
Soccer
Song
Your Account Isn't Verified!
In order to create a playlist on Sporcle, you need to verify the email address you used during registration. Go to your
Sporcle Settings
to finish the process.
Report this User
Report this user for behavior that violates our
Community Guidelines
.
Details:
Send Report
Go to the Sporcle.com Mobile Site →
Comments